[Event "Rutas de Cuenca op 6th"]
[Site "Cuenca"]
[Date "2019.07.19"]
[Round "1"]
[White "Martin Sanchez, Javier"]
[Black "Mombiela de Sus, Jose Luis"]
[Result "1/2-1/2"]
[WhiteElo "1460"]
[BlackElo "1961"]
[PlyCount "65"]
[EventDate "2019.07.19"]
[EventType "swiss"]
[EventRounds "7"]
[EventCountry "ESP"]
[SourceTitle "CBM 195 Extra"]
[Source "ChessBase"]
[SourceDate "2020.05.31"]
[SourceVersion "1"]
[SourceVersionDate "2020.05.31"]
[SourceQuality "1"]

1. Nf3 e6 2. g3 f5 3. Bg2 Nf6 4. c4 Be7 5. d4 0-0 6. 0-0 a5 7. Nc3 d6 8. Bg5 Nbd7 9. Re1 Ne4 10. Bxe7 Qxe7 11. Nd2 Nxc3 12. bxc3 e5 13. Rb1 e4 14. e3 Nf6 15. Bf1 c5 16. a4 h5 17. h4 Rb8 18. Be2 f4 19. exf4 e3 20. Bxh5 cxd4 21. cxd4 exf2+ 22. Kxf2 Qc7 23. Bf3 Bf5 24. Be4 Nxe4+ 25. Nxe4 Qxc4 26. Qb3 Qxb3 27. Rxb3 Bxe4 28. Rxe4 Rfc8 29. Rb5 b6 30. Re6 Rc2+ 31. Kf3 Ra2 32. Rxd6 Rxa4 33. Rdxb6 1/2-1/2